00990nam a22002175i 4500001000700000003000900007005001700016008004100033040003000074100002500104245005900129250002500188260006500213300004600278596006800324650003500392752002400427852018000451999001900631952012200650153083ES-MaACL20230906205021.0980923s1867 fr a |||| | fre d aCCPB | B bspa cCCPB | B1 aChampfleury.912644510aHistoire de la Caricature antique / cpar Champfleury. a3e éd., tres-augm. aParis : bE. Dentu, c[s.a.] (fImprimerie Émile Martinet) a[1] h. de lám., XXII, 347 p. ; c18 cm. 1aAdvertencia firmada por Champfleury y fechada en Junio de 1867. 4aCaricatura-xHistoria.9221990 aFrancia - dParís aES-MaACLjG-10908 z-- Enc. hol. z-- Legado de M. de la Fuente x-- Edic.: El autor es "Champfleury, Jules-François-Félix Husson" según el Catalogue Collectif de France c153083d153083 00104070aATENEOMbATENEOMcSPP3d2008-01-17eSSCl0oG-10908p1159941r2023-02-23 00:00:00w2023-02-23yMONOGRAFIA